Gaming Quiz

Random Gaming or Video Games Quiz

Dead Space 2 Necromorphs Quiz Stats

 Plays Quiz not verified by Sporcle

Score 0/20 Timer 06:00
0 Plays Today
% Correct
slasher
82.5%
puker
72%
brute
71.3%
lurker
68.3%
pack
64.9%
pregnant
57.5%
leaper
57.1%
crawler
56.7%
stalker
51.9%
exploder
50.7%
% Correct
ubermorph
50.7%
spitter
50%
infector
49.3%
tripod
46.6%
cyst
45.5%
divider
45.1%
guardian
39.9%
swarmer
28.4%
nest
18.7%
pods
13.8%

You're not logged in!

Compare scores with friends on all Sporcle quizzes.
OR
Log In

Show Comments

Extras

Created Feb 15, 2012ReportNominate
Tags:Video Games Quiz, Dead Space

Top Quizzes Today


Score Distribution

Your Account Isn't Verified!

In order to create a playlist on Sporcle, you need to verify the email address you used during registration. Go to your Sporcle Settings to finish the process.

Report this User

Report this user for behavior that violates our Community Guidelines.

Details: